[Event "SWE Ch"]
[Site "Sweden"]
[Date "1991.??.??"]
[Round "10"]
[White "Brynell, Stellan"]
[Black "Ornstein, Axel O"]
[Result "1/2-1/2"]
[WhiteElo "2390"]
[BlackElo "2440"]
[PlyCount "83"]
[EventDate "1991.??.??"]
[Source "www.chesslib.no"]
[SourceDate "2004.05.04"]

1. e4 e5 2. Nf3 Nc6 3. Bb5 Nf6 4. O-O Nxe4 5. d4 a6 6. Ba4 b5 7. Bb3 d5 8. dxe5 Be6 9. Qe2 Be7 10. Rd1 Nc5 11. Nc3 Nxb3 12. cxb3 O-O 13. Be3 Qd7 14. Bg5 Rad8 15. Rac1 Bxg5 16. Nxg5 h6 17. Nf3 d4 18. h3 Bd5 19. Nxd5 Qxd5 20. Qc2 Nxe5 21. Nxd4 Qa8 22. Qxc7 Qe4 23. Re1 Qxd4 24. Qxe5 Qxe5 25. Rxe5 Rd2 26. Rc6 Rxb2 27. Rxa6 Rd8 28. Rxb5 Rd1+ 29. Kh2 Rxf2 30. Rb4 Rdd2 31. Rg4 h5 32. Rg5 f6 33. Rg3 Rxa2 34. Rb6 Ra7 35. Kg1 Rb2 36. Rxf6 Rxb3 37. Rxb3 gxf6 38. Rb5 Rh7 39. Kf2 Rh6 40. Rb7 Rg6 41. Kf3 Rg5 42. g3 1/2-1/2

[Event "Rubinstein mem"]
[Site "Polanica Zdroj"]
[Date "1980.??.??"]
[Round "11"]
[White "Barczay, Laszlo"]
[Black "Pokojowczyk, Jerzy"]
[Result "1/2-1/2"]
[WhiteElo "2450"]
[BlackElo "2380"]
[PlyCount "47"]
[EventDate "1980.08.??"]
[Source "ChessBase"]

1. e4 e5 2. Nf3 Nc6 3. Bb5 a6 4. Ba4 Nf6 5. O-O Nxe4 6. d4 b5 7. Bb3 d5 8. dxe5 Be6 9. Qe2 Be7 10. Rd1 O-O 11. Be3 Na5 12. Nd4 c5 13. Nxe6 fxe6 14. c3 Nxb3 15. axb3 c4 16. b4 a5 17. f3 Ng5 18. bxa5 Rxa5 19. Nd2 Nf7 20. f4 Nh6 21. Nf3 Ng4 22. Kh1 Nxe3 23. Qxe3 b4 24. Nd4 1/2-1/2

[Event "Lublin"]
[Site "Lublin"]
[Date "1974.??.??"]
[Round "15"]
[White "Nicevski, Risto"]
[Black "Sydor, Andrzej"]
[Result "1/2-1/2"]
[WhiteElo "2430"]
[BlackElo "2395"]
[PlyCount "65"]
[EventDate "1974.??.??"]
[Source "ChessBase"]

1. e4 e5 2. Nf3 Nc6 3. Bb5 a6 4. Ba4 Nf6 5. O-O Nxe4 6. d4 b5 7. Bb3 d5 8. dxe5 Be6 9. Qe2 Be7 10. Rd1 O-O 11. Be3 Qd7 12. c3 Rad8 13. Nbd2 Nc5 14. Bc2 Bg4 15. h3 Bh5 16. Re1 Qc8 17. Bxc5 Bxc5 18. Nb3 Bb6 19. Qd3 Bg6 20. Qd2 Ne7 21. Re2 Bxc2 22. Qxc2 Qf5 23. Qxf5 Nxf5 24. Nbd4 Nxd4 25. cxd4 Rfe8 26. a4 bxa4 27. Rxa4 a5 28. Kf1 Re6 29. Rc2 f6 30. b3 fxe5 31. Nxe5 Bxd4 32. Rxd4 Rxe5 33. Rxc7 1/2-1/2

[Event "Karvina (Czech Republic)"]
[Site "?"]
[Date "2005.07.??"]
[Round "9"]
[White "Klima Lukas"]
[Black "Walach Marcin"]
[Result "1-0"]
[WhiteElo "2446"]
[BlackElo "2367"]
[PlyCount "127"]
[EventDate "2005.??.??"]
[Source "www.chesslib.no"]
[SourceDate "2004.05.04"]

1. e4 e5 2. Nf3 Nc6 3. Bb5 a6 4. Ba4 Nf6 5. O-O Nxe4 6. d4 b5 7. Bb3 d5 8. dxe5 Be6 9. Qe2 Bc5 10. Be3 Qe7 11. Rd1 Rd8 12. c3 O-O 13. h3 Bxe3 14. Qxe3 Na5 15. Nbd2 Bf5 16. Nd4 Bg6 17. Nxe4 dxe4 18. e6 fxe6 19. Bxe6+ Kh8 20. b4 c5 21. bxc5 Qxc5 22. Nb3 Qc7 23. Qc5 Qc6 24. Bd7 Qxc5 25. Nxc5 Ra8 26. a4 h6 27. Rd6 Be8 28. axb5 axb5 29. Be6 Bf7 30. Bxf7 Rxf7 31. Nxe4 Rc7 32. Rb6 Rc4 33. Rxb5 Rxe4 34. Rbxa5 Rxa5 35. Rxa5 Rc4 36. Ra3 Kg8 37. Kf1 Kf7 38. Ke2 Ke6 39. Kd3 Rf4 40. f3 Rf7 41. Ke4 Rc7 42. Ra6+ Kf7 43. Kd3 Rd7+ 44. Kc2 Rb7 45. Rd6 Rc7 46. Kd3 Ra7 47. g4 Ra1 48. Ke4 Rh1 49. Rd7+ Kf6 50. c4 Rxh3 51. c5 Rh1 52. c6 Rc1 53. c7 g6 54. Kd5 Kg5 55. Kd6 Rc3 56. Rd8 Kf4 57. c8=Q Rxc8 58. Rxc8 Kxf3 59. Ke5 Kxg4 60. Rc4+ Kf3 61. Kf6 g5 62. Kf5 Kg3 63. Kg6 Kf3 64. Kxh6 1-0

[Event "DDR Ch 21st"]
[Site "Goerlitz"]
[Date "1972.02.20"]
[Round "14"]
[White "Vogt, Lothar H"]
[Black "Liebert, Heinz"]
[Result "1/2-1/2"]
[WhiteElo "2390"]
[BlackElo "2420"]
[PlyCount "45"]
[EventDate "1972.02.06"]
[Source "www.chesslib.no"]
[SourceDate "2004.05.04"]

1. e4 e5 2. Nf3 Nc6 3. Bb5 a6 4. Ba4 Nf6 5. O-O Nxe4 6. d4 b5 7. Bb3 d5 8. dxe5 Be6 9. Qe2 Be7 10. Rd1 Nc5 11. Be3 O-O 12. c4 bxc4 13. Bxc4 Na5 14. Bxd5 Bxd5 15. Nc3 Bxf3 16. Qxf3 Qe8 17. b4 Na4 18. Nxa4 Qxa4 19. bxa5 Rad8 20. Qe2 Qxa5 21. f4 Rxd1+ 22. Rxd1 Rd8 23. Rxd8+ 1/2-1/2

[Event "ol (Men)"]
[Site "Buenos Aires ol (Men)"]
[Date "1978.??.??"]
[Round "?"]
[White "Grinberg, Ricardo"]
[Black "Bronstein, Luis M"]
[Result "1-0"]
[WhiteElo "2405"]
[BlackElo "2400"]
[PlyCount "174"]
[EventDate "1978.??.??"]
[Source "www.chesslib.no"]
[SourceDate "2004.05.04"]

1. e4 e5 2. Nf3 Nc6 3. Bb5 a6 4. Ba4 Nf6 5. O-O Nxe4 6. d4 b5 7. Bb3 d5 8. dxe5 Be6 9. Qe2 Be7 10. Rd1 Nc5 11. Nc3 Nxb3 12. cxb3 O-O 13. h3 Nb8 14. Qd3 c6 15. Be3 Nd7 16. Rac1 Qb8 17. Bf4 b4 18. Na4 c5 19. Qe2 Qb5 20. Qc2 Rfc8 21. Bg5 Bf8 22. Be3 h6 23. Bf4 Nb6 24. Nxb6 Qxb6 25. Qd2 a5 26. Ne1 d4 27. Qc2 a4 28. bxa4 c4 29. Qe4 Rd8 30. Nf3 Bc5 31. Qb1 d3 32. Bg3 Qa6 33. Nd2 Bd4 34. Ne4 Qxa4 35. b3 cxb3 36. axb3 Qxb3 37. Qxb3 Bxb3 38. Rxd3 Ba4 39. Nd6 Bc3 40. Rf3 Ra7 41. Ne4 Rd1+ 42. Rxd1 Bxd1 43. Rd3 Ra1 44. Kh2 Bb2 45. Rd8+ Kh7 46. Rb8 b3 47. Nd2 Ra3 48. e6 fxe6 49. Bd6 Ra6 50. Bg3 Ra3 51. Bd6 Bf6 52. Rb7 Ra6 53. Ne4 Ba1 54. Bg3 Rc6 55. Nd2 b2 56. Nb1 Rc5 57. Bd6 Rc1 58. Be5 h5 59. Bxb2 Rxb1 60. Rxg7+ Kh6 61. Bxa1 Rxa1 62. Re7 Bb3 63. Kg3 Kg6 64. Rb7 Bd5 65. Rb4 Ra3+ 66. Kh2 Ra2 67. Kg3 Rc2 68. f3 Rc4 69. Rb8 h4+ 70. Kh2 Kg7 71. Rb2 Ra4 72. Rb1 Kf6 73. Kg1 Ke5 74. Rb8 Kf4 75. Rh8 Ke3 76. Rh6 Rd4 77. Kh2 Bc4 78. Kg1 Bd5 79. Rh8 Rd1+ 80. Kh2 Kf2 81. Rxh4 Rg1 82. Rg4 Bc6 83. h4 Bb5 84. Rb4 Rxg2+ 85. Kh1 Be2 86. f4 Bf3 87. Rb2+ Kg3 1-0

[Event "Kragujevac"]
[Site "Kragujevac"]
[Date "1984.??.??"]
[Round "6"]
[White "Jansa, Vlastimil"]
[Black "Trifunovic, Miroljub"]
[Result "1-0"]
[WhiteElo "2475"]
[BlackElo "2330"]
[PlyCount "71"]
[EventDate "1984.02.??"]
[Source "ChessBase"]

1. e4 e5 2. Nf3 Nc6 3. Bb5 a6 4. Ba4 Nf6 5. O-O Nxe4 6. d4 b5 7. Bb3 d5 8. dxe5 Be6 9. Qe2 Be7 10. Rd1 O-O 11. c4 bxc4 12. Bxc4 Bc5 13. Be3 Bxe3 14. Qxe3 Qb8 15. Bb3 Na5 16. Nbd2 Nxd2 17. Rxd2 Nxb3 18. axb3 c5 19. Qxc5 Qxb3 20. Nd4 Qb7 21. h3 Rfc8 22. Qa3 Rc4 23. f4 Qc8 24. Qf3 g6 25. g4 Qc5 26. Qf2 Bd7 27. Kg2 Kh8 28. Re1 Rg8 29. Kh2 Qe7 30. f5 gxf5 31. gxf5 Be8 32. f6 Qc7 33. Qf4 Bd7 34. Ree2 Bf5 35. Qxf5 Rc1 36. Rg2 1-0

[Event "Bethune"]
[Site "?"]
[Date "2000.12.30"]
[Round "7"]
[White "Apicella Manuel"]
[Black "Lacrosse Marc"]
[Result "1-0"]
[WhiteElo "2506"]
[BlackElo "2298"]
[PlyCount "67"]
[EventDate "2000.??.??"]
[Source "www.chesslib.no"]
[SourceDate "2004.05.04"]

1. e4 e5 2. Nf3 Nc6 3. Bb5 a6 4. Ba4 Nf6 5. O-O Nxe4 6. d4 b5 7. Bb3 d5 8. dxe5 Be6 9. Qe2 Be7 10. Rd1 O-O 11. c3 Qd7 12. Be3 f6 13. exf6 Bxf6 14. a4 Ne7 15. Bd4 Rae8 16. axb5 axb5 17. Na3 c6 18. Nc2 Kh8 19. Ra7 Bxd4 20. Rxd7 Bxf2+ 21. Kh1 Nf5 22. Qxe4 dxe4 23. Bxe6 Rxe6 24. Ng5 Ree8 25. g4 Nh4 26. Rc7 e3 27. Nf7+ Kg8 28. Rdd7 e2 29. Ne5 Rf7 30. Rxf7 Rxe5 31. Rxg7+ Kf8 32. Rgf7+ Ke8 33. Ne1 Bxe1 34. Rxh7 1-0

[Event "Athens"]
[Site "Athens GRE"]
[Date "1983.??.??"]
[Round "6"]
[White "Georgiev, Krum I"]
[Black "Grivas, Efstratios"]
[Result "1-0"]
[WhiteElo "2440"]
[BlackElo "2360"]
[PlyCount "104"]
[EventDate "1983.??.??"]
[Source "www.chesslib.no"]
[SourceDate "2004.05.04"]

1. e4 e5 2. Nf3 Nc6 3. Bb5 a6 4. Ba4 Nf6 5. O-O Nxe4 6. d4 b5 7. Bb3 d5 8. dxe5 Be6 9. Qe2 Bc5 10. Be3 O-O 11. Rd1 Bxe3 12. Qxe3 Ne7 13. Nbd2 Nf5 14. Qe2 Nxd2 15. Rxd2 c6 16. c3 Qb6 17. Bc2 Ne7 18. Nd4 c5 19. Qd3 g6 20. Nf3 Bf5 21. Qe3 Bxc2 22. Rxc2 Qc6 23. Rd1 Kg7 24. Rcd2 Rad8 25. h4 Nf5 26. Qf4 h5 27. Ng5 d4 28. cxd4 Rxd4 29. Rxd4 Nxd4 30. Qf6+ Kg8 31. Qxc6 Nxc6 32. e6 fxe6 33. Nxe6 Rf5 34. Rd6 Nb4 35. a3 Nc2 36. Rxa6 c4 37. Rb6 Kf7 38. g3 c3 39. bxc3 Nxa3 40. Nf4 Rf6 41. Rb7+ Kg8 42. Rc7 Rd6 43. Kg2 Nc2 44. Rb7 Na3 45. Kf3 Rc6 46. Nd5 Kf8 47. Ke4 Nb1 48. Kd4 Rc4+ 49. Ke5 Nxc3 50. Nxc3 Rxc3 51. Kf6 Rc6+ 52. Kg5 Rd6 1-0

[Event "Pico City op"]
[Site "Pico City"]
[Date "1996.??.??"]
[Round "6"]
[White "Barria, Daniel"]
[Black "Rosito, Jorge"]
[Result "1/2-1/2"]
[WhiteElo "2380"]
[BlackElo "2420"]
[PlyCount "97"]
[EventDate "1996.??.??"]
[Source "www.chesslib.no"]
[SourceDate "2004.05.04"]

1. e4 e5 2. Nf3 Nc6 3. Bb5 a6 4. Ba4 Nf6 5. O-O Nxe4 6. d4 b5 7. Bb3 d5 8. dxe5 Be6 9. Qe2 Be7 10. Rd1 O-O 11. c4 bxc4 12. Bxc4 Bc5 13. Be3 Bxe3 14. Qxe3 Qb8 15. Bb3 Na5 16. Nbd2 Qa7 17. Qxa7 Rxa7 18. Rac1 c5 19. Nxe4 Nxb3 20. axb3 dxe4 21. Nd2 Rb7 22. Nxe4 Rxb3 23. Nxc5 Rxb2 24. Nxa6 h6 25. Nc7 Bf5 26. h3 h5 27. Nd5 Re8 28. Re1 Rd2 29. Nc3 Rc8 30. Ne2 Re8 31. Ng3 Bg6 32. Re3 Rb8 33. Re2 Rxe2 34. Nxe2 Rb5 35. f4 Rb2 36. Kf2 Be4 37. g4 hxg4 38. hxg4 Bd3 39. Re1 Rb4 40. Ke3 Bxe2 41. Rxe2 g5 42. f5 Rxg4 43. Rh2 Kg7 44. Rb2 Rf4 45. Rf2 Rxf2 46. Kxf2 f6 47. e6 Kf8 48. Kf3 Ke7 49. Ke4 1/2-1/2

[Event "Corr"]
[Site "?"]
[Date "2003.05.10"]
[Round "?"]
[White "Thal Dr.Ortwin (GER)"]
[Black "Fischer Detlev (GER)"]
[Result "1/2-1/2"]
[WhiteElo "2360"]
[BlackElo "2427"]
[PlyCount "44"]
[EventDate "2003.??.??"]
[Source "www.chesslib.no"]
[SourceDate "2004.05.04"]

1. e4 e5 2. Nf3 Nc6 3. Bb5 a6 4. Ba4 Nf6 5. O-O Nxe4 6. d4 b5 7. Bb3 d5 8. dxe5 Be6 9. Qe2 Be7 10. Rd1 O-O 11. c4 bxc4 12. Bxc4 Bc5 13. Be3 Bxe3 14. Qxe3 Qb8 15. Bb3 Qb6 16. Qe2 Rad8 17. Nc3 Nxc3 18. bxc3 Ne7 19. Rab1 Bg4 20. h3 Bh5 21. Bc2 Qc5 22. Qd3 Bg6 1/2-1/2

[Event "ISL-FRA"]
[Site "Reykjavik"]
[Date "1993.??.??"]
[Round "2"]
[White "Koch, Jean Rene"]
[Black "Hardarson, Robert"]
[Result "1/2-1/2"]
[WhiteElo "2450"]
[BlackElo "2335"]
[PlyCount "121"]
[EventDate "1993.??.??"]
[Source "ChessBase"]

1. e4 e5 2. Nf3 Nc6 3. Bb5 a6 4. Ba4 Nf6 5. O-O Nxe4 6. d4 b5 7. Bb3 d5 8. dxe5 Be6 9. Qe2 Be7 10. Rd1 O-O 11. c4 bxc4 12. Bxc4 Bc5 13. Be3 Bxe3 14. Qxe3 Qb8 15. Bb3 Na5 16. Nbd2 Qb6 17. Nxe4 Qxe3 18. fxe3 Nxb3 19. axb3 dxe4 20. Nd4 Rfb8 21. Ra3 Rb6 22. Rc1 Rc8 23. Rc6 Rxc6 24. Nxc6 Kf8 25. Kf2 Ke8 26. Kg3 Kd7 27. Nb4 c5 28. Nxa6 Kc6 29. b4 cxb4 30. Nxb4+ Kb5 31. Na2 Rc2 32. Nc3+ Kc4 33. Nxe4 Rxb2 34. Ng5 Rb7 35. Ra4+ Kd3 36. Kf4 h6 37. Rd4+ Ke2 38. Nxe6 fxe6 39. Ke4 Kf2 40. Rd2+ Kg1 41. g4 g5 42. h3 Re7 43. Ra2 Re8 44. Rc2 Re7 45. Rb2 Re8 46. Ra2 Re7 47. Kf3 Rf7+ 48. Kg3 Kf1 49. h4 Ke1 50. Rh2 Rf8 51. hxg5 hxg5 52. Rh5 Ke2 53. Rxg5 Kxe3 54. Rg6 Re8 55. g5 Ke4 56. Kg4 Kxe5 57. Rg7 Kd6 58. g6 e5 59. Rf7 e4 60. g7 Rg8 61. Kf4 1/2-1/2

[Event "JUG-chT"]
[Site "Vrnjacka Banja"]
[Date "1999.??.??"]
[Round "2"]
[White "Savanovic, Aleksandar"]
[Black "Danilovic, Alexandar"]
[Result "0-1"]
[WhiteElo "2421"]
[BlackElo "2364"]
[PlyCount "60"]
[EventDate "1999.08.??"]
[Source "www.chesslib.no"]
[SourceDate "2004.05.04"]

1. e4 e5 2. Nf3 Nc6 3. Bb5 a6 4. Ba4 Nf6 5. O-O Nxe4 6. d4 b5 7. Bb3 d5 8. dxe5 Be6 9. Qe2 Bc5 10. Be3 O-O 11. Rd1 Ne7 12. Nbd2 Bxe3 13. Qxe3 Nf5 14. Qe2 Nc5 15. c3 Nxb3 16. Nxb3 Qe7 17. Nfd4 Nh4 18. Qe3 Rfc8 19. Nc6 Qd7 20. Qc5 Re8 21. Rd4 Nf5 22. Rd2 Ne7 23. Nbd4 Nxc6 24. Nxc6 f6 25. exf6 gxf6 26. f3 Bf7 27. Nb4 Re5 28. Rad1 Qe6 29. Nd3 Re2 30. Qxc7 Rxd2 0-1

[Event "XL CIS Master"]
[Site "Arvier ITA"]
[Date "2008.05.02"]
[Round "4"]
[White "Palac, Mladen"]
[Black "Di Fonzo, Valerio"]
[Result "1-0"]
[WhiteElo "2559"]
[BlackElo "2212"]
[PlyCount "71"]
[EventDate "2008.05.01"]
[Source "www.chesslib.no"]
[SourceDate "2004.05.04"]

1. e4 e5 2. Nf3 Nc6 3. Bb5 a6 4. Ba4 Nf6 5. O-O Nxe4 6. d4 b5 7. Bb3 d5 8. dxe5 Be6 9. Qe2 Be7 10. Rd1 O-O 11. c4 bxc4 12. Bxc4 Bc5 13. Be3 Bxe3 14. Qxe3 Qb8 15. Bb3 Qb6 16. Qxb6 cxb6 17. Na3 Rfd8 18. Rac1 Rac8 19. Nc2 Nc5 20. Ncd4 Nxd4 21. Nxd4 Nxb3 22. axb3 Bd7 23. f4 g6 24. Kf2 a5 25. Rxc8 Rxc8 26. Ke3 Rc5 27. h3 h5 28. Rg1 Bf5 29. g4 hxg4 30. hxg4 Be4 31. f5 gxf5 32. gxf5+ Kf8 33. f6 Rc8 34. Kf4 a4 35. Rg7 Rc1 36. e6 1-0

[Event "Helma op"]
[Site "Pribram"]
[Date "1996.??.??"]
[Round "?"]
[White "Movsesian, Sergei"]
[Black "Uhmann, Jan"]
[Result "1-0"]
[WhiteElo "2635"]
[BlackElo "2135"]
[PlyCount "69"]
[EventDate "1996.??.??"]
[Source "www.chesslib.no"]
[SourceDate "2004.05.04"]

1. e4 e5 2. Nf3 Nc6 3. Bb5 a6 4. Ba4 Nf6 5. O-O Nxe4 6. d4 b5 7. Bb3 d5 8. dxe5 Be6 9. Qe2 Be7 10. Rd1 O-O 11. c3 Qd7 12. Be3 f5 13. exf6 Bxf6 14. Bc2 Qe7 15. Nbd2 Bf7 16. Nxe4 dxe4 17. Nd2 Rfe8 18. Bxe4 Ne5 19. Bxa8 Rxa8 20. Ne4 Re8 21. Nxf6+ Qxf6 22. Bd4 Bd5 23. Bxe5 Rxe5 24. Qg4 h5 25. Qd7 c6 26. Rd3 h4 27. Rad1 Qg5 28. Qc8+ Kh7 29. Qh3 Be6 30. f4 Qe7 31. g4 Re4 32. Rd4 Re2 33. Qd3+ Bf5 34. Qxf5+ g6 35. Qd7 1-0